000 00970njm a2200301 c 4500
003 BLK
005 20180421002651.0
008 180410b bul||n||s|||||||| n|bulo|
010 _aCDD00006929000
040 _aBLK
041 _aDEU
_cDEU
080 _aДруги видове песни. - Естрада, джаз. Стари градски. Рок-и попмузика. Чалга(поп-фолк)
_b784.7
_x
_z784.7
700 1 _aTrio Elf
_eизп.
_9355289
139 _aTrio Elf
_bT 86
245 1 0 _aElfland [CD аудио]
_bSpecial guest Milton Nascimento
_cизп. Trio Elf.
257 _aDEU
260 Munchen
_bEnja Rec.
_c2010
300 _c12 cm. Stereo
306 _a60мин. 29сек.
380 _a7
650 4 _aДжаз
_9153283
653 _aджаз
852 _aЦб CD 3192
_p0
856 4 _qpdf
_u
856 4 _qpdf
_u
942 _cCDD
_n0
944 _aCR
_c15.06.2012
_kТеодора_Стоянова
944 _aED
_c22.08.2017
_kТеодора_Стоянова
999 _c225649
_d225649